000 01429cam a22003494a 4500
999 _c1052
_d1052
001 12013281
003 OSt
005 20210623091604.0
008 000518s2000 nyua b 001 0 eng
010 _a 00034601
020 _a0385493231
040 _aDLC
_cDLC
_dDLC
042 _apcc
043 _an-us---
050 0 0 _aLB2822.82
_b.S38 2000
082 0 0 _a371.2/07
_221
245 0 0 _aSchools that learn :
_ba fifth discipline fieldbook for educators, parents, and everyone who cares about education /
_cPeter Senge ... [et al.].
246 1 _iAt bottom of t.p.:
_aFifth discipline resource
250 _a1st Currency pbk. ed.
260 _aNew York :
_bDoubleday,
_c2000.
300 _aix, 592 p. :
_bill. ;
_c23 cm.
500 _a"A Currency book"--T.p. verso.
504 _aIncludes bibliographical references and index.
650 0 _aSchool improvement programs
_zUnited States.
650 0 _aOrganizational learning
_zUnited States.
700 1 _aSenge, Peter M.
856 4 2 _3Contributor biographical information
_uhttp://www.loc.gov/catdir/bios/random052/00034601.html
856 4 2 _3Publisher description
_uhttp://www.loc.gov/catdir/description/random046/00034601.html
906 _a7
_bcbc
_corignew
_d1
_eocip
_f20
_gy-gencatlg
942 _2lcc
_cBK
_nJE